Egyptian Women Workers and Entrepreneurs : (Record no. 14968)
[ view plain ]
| 000 -LEADER | |
|---|---|
| fixed length control field | 01494cam a22003494a 4500 |
| 001 - CONTROL NUMBER | |
| control field | 16185006 |
| 005 - DATE AND TIME OF LATEST TRANSACTION | |
| control field | 20100618091529.0 |
| 008 - FIXED-LENGTH DATA ELEMENTS--GENERAL INFORMATION | |
| fixed length control field | 100413s2010 dcua b i001 0 eng c |
| 010 ## - LIBRARY OF CONGRESS CONTROL NUMBER | |
| LC control number | 2010278431 |
| 020 ## - INTERNATIONAL STANDARD BOOK NUMBER | |
| International Standard Book Number | 9780821381908 (pbk.) |
| 020 ## - INTERNATIONAL STANDARD BOOK NUMBER | |
| International Standard Book Number | 0821381903 (pbk.) |
| 035 ## - SYSTEM CONTROL NUMBER | |
| System control number | (OCoLC)ocn489009667 |
| 040 ## - CATALOGING SOURCE | |
| Original cataloging agency | BTCTA |
| Transcribing agency | BTCTA |
| Modifying agency | YDXCP |
| -- | CDX |
| -- | TJC |
| -- | BWX |
| -- | DLC |
| 042 ## - AUTHENTICATION CODE | |
| Authentication code | pcc |
| 043 ## - GEOGRAPHIC AREA CODE | |
| Geographic area code | f-ua--- |
| 050 00 - LIBRARY OF CONGRESS CALL NUMBER | |
| Classification number | HD6209 |
| Item number | .E387 2010 |
| 082 00 - DEWEY DECIMAL CLASSIFICATION NUMBER | |
| Classification number | 331.40962 |
| Edition number | 22 |
| Item number | EGY |
| 245 00 - TITLE STATEMENT | |
| Title | Egyptian Women Workers and Entrepreneurs : |
| Remainder of title | Maximizing Opportunities in the Economic Sphere / |
| Statement of responsibility, etc | Sahar Nasr, editor. |
| 260 ## - PUBLICATION, DISTRIBUTION, ETC. (IMPRINT) | |
| Place of publication, distribution, etc | Washington, D.C. : |
| Name of publisher, distributor, etc | World Bank,2010 |
| Date of publication, distribution, etc | c2010. |
| 300 ## - PHYSICAL DESCRIPTION | |
| Extent | xvii, 78 p. : |
| Other physical details | ill. ; |
| Dimensions | 23 cm. |
| 490 1# - Series Statement | |
| Series statement | Directions in development. Private sector |
| -- | 22358 |
| 504 ## - BIBLIOGRAPHY, ETC. NOTE | |
| Bibliography, etc | Includes bibliographical references (p. 71-74) and index. |
| 650 #0 - SUBJECT ADDED ENTRY--TOPICAL TERM | |
| Topical term or geographic name as entry element | Women |
| General subdivision | Employment |
| Geographic subdivision | Egypt. |
| 9 (RLIN) | 22359 |
| 650 #0 - SUBJECT ADDED ENTRY--TOPICAL TERM | |
| Topical term or geographic name as entry element | Businesswomen |
| Geographic subdivision | Egypt. |
| 9 (RLIN) | 22360 |
| 650 #0 - SUBJECT ADDED ENTRY--TOPICAL TERM | |
| Topical term or geographic name as entry element | Sex discrimination in employment |
| Geographic subdivision | Egypt. |
| 9 (RLIN) | 22361 |
| 650 #0 - SUBJECT ADDED ENTRY--TOPICAL TERM | |
| Topical term or geographic name as entry element | Women |
| Geographic subdivision | Egypt |
| General subdivision | Economic conditions. |
| 9 (RLIN) | 22362 |
| 700 1# - ADDED ENTRY--PERSONAL NAME | |
| Personal name | Nasr, Sahar. |
| 9 (RLIN) | 22363 |
| 830 #0 - SERIES ADDED ENTRY--UNIFORM TITLE | |
| Uniform title | Directions in development. |
| Name of part/section of a work | Private sector. |
| 9 (RLIN) | 22364 |
| 942 ## - ADDED ENTRY ELEMENTS (KOHA) | |
| Source of classification or shelving scheme | Dewey Decimal Classification |
| Item type | Book - Borrowing |
| Withdrawn status | Item status | Source of classification or shelving scheme | Damaged status | Not for loan | Vendor | Home library | Current library | Shelving location | Date acquired | Source of acquisition | Cost, normal purchase price | Serial Enumeration / chronology | Total Checkouts | Total Renewals | Full call number | Barcode | Date last seen | Date last borrowed | Koha item type |
|---|---|---|---|---|---|---|---|---|---|---|---|---|---|---|---|---|---|---|---|
| Dewey Decimal Classification | Academic Bookshop | Central Library | Central Library | First floor | 03/03/2011 | 210.00 | 1661 | 2 | 10 | 331.40962 EGY | 000022813 | 15/07/2025 | 08/03/2020 | Book - Borrowing |